[Event "Chess24 Banter Blitz Cup"]
[Site "chess24.com INT"]
[Date "2019.09.29"]
[Round "1.12"]
[White "Suarez Garcia, Carlos"]
[Black "Gustafsson, Jan"]
[Result "1/2-1/2"]
[WhiteTitle "IM"]
[BlackTitle "GM"]
[WhiteElo "2445"]
[BlackElo "2645"]
[WhiteFideId "22230858"]
[BlackFideId "4625498"]
[EventDate "2019.09.25"]
[EventType "blitz"]

1. Nf3 Nf6 2. b3 g6 3. Bb2 Bg7 4. g3 O-O 5. Bg2 c5 6. c4 Nc6 7. O-O d6 8. d4
cxd4 9. Nxd4 Bd7 10. Nc3 Qa5 11. e3 Rfc8 12. h3 a6 13. Qe2 Rab8 14. Nxc6 Bxc6
15. Rac1 Bxg2 16. Kxg2 b5 17. cxb5 axb5 18. Rc2 b4 19. Na4 Qa8+ 20. Kh2 Rxc2 21.
Qxc2 Qf3 22. Bxf6 Bxf6 23. Qd1 Qe4 24. Qd2 h5 25. h4 Rb5 26. f3 Qb7 27. e4 d5
28. Re1 dxe4 29. Rxe4 Kg7 30. Re3 Qc6 31. Rd3 Rb8 32. Kg2 Qb5 33. Rd5 Qc6 34.
Rd3 Rc8 35. Qxb4 Qc2+ 36. Qd2 Qb1 37. Qe2 Qc1 38. Rd2 Rc6 39. Qf2 Re6 40. Re2
Rd6 41. Re1 Qc6 42. Qe2 Re6 43. Qd1 Rd6 44. Qc1 Qd5 45. Re2 g5 46. hxg5 Bxg5 47.
Qc4 Qxc4 48. bxc4 h4 49. f4 Bf6 50. g4 Rc6 51. c5 e6 52. Rc2 Be7 53. g5 f6 54.
Rc4 fxg5 55. fxg5 Bxg5 56. Kh3 Kf6 57. Kg4 e5 58. Nc3 Ke6 59. Ne4 Kd5 60. Rb4
Be7 61. Nc3+ Ke6 62. Ra4 Rxc5 63. Ne4 Rc2 64. Ra6+ Kf7 65. Ng5+ Bxg5 66. Kxg5 h3
67. Kf5 h2 68. Ra7+ Ke8 69. Rh7 Kd8 70. Ke6 Kc8 71. Rh8+ Kb7 72. Rh3 Kb6 73.
Rb3+ Ka5 74. Kd5 Ka4 75. Ra3+ Kxa3 76. Kxe5 Kxa2 77. Kd5 1/2-1/2

[Event "Chess24 Banter Blitz Cup"]
[Site "chess24.com INT"]
[Date "2019.09.29"]
[Round "1.13"]
[White "Gustafsson, Jan"]
[Black "Suarez Garcia, Carlos"]
[Result "0-1"]
[WhiteTitle "GM"]
[BlackTitle "IM"]
[WhiteElo "2645"]
[BlackElo "2445"]
[WhiteFideId "4625498"]
[BlackFideId "22230858"]
[EventDate "2019.09.25"]
[EventType "blitz"]

1. d4 d5 2. c4 e6 3. Nc3 c6 4. e4 Bb4 5. Bd2 dxe4 6. Nxe4 Qxd4 7. Bxb4 Qxe4+ 8.
Be2 Na6 9. Ba5 Bd7 10. Nf3 Nf6 11. Qd6 b6 12. Bc3 Qf5 13. Rd1 Qc5 14. Qg3 O-O-O
15. Qxg7 Ne4 16. O-O Nxc3 17. Qxc3 Rhg8 18. a3 Qf5 19. b4 Nc7 20. Qe5 Qxe5 21.
Nxe5 f6 22. Nf7 Rdf8 23. Nd6+ Kb8 24. Bf3 e5 25. Rd2 Ne6 26. Nf5 Be8 27. Ne7 Rg7
28. Nxc6+ Bxc6 29. Bxc6 Nd4 30. Bd5 Rd7 31. f4 Re8 32. fxe5 fxe5 33. Rf6 b5 34.
Kf2 bxc4 35. Bxc4 Rc8 36. Be6 Rd6 37. Bxc8 Rxf6+ 38. Ke3 Kxc8 39. Ke4 Re6 40. g4
Re7 41. h4 Kd7 42. g5 Ke6 43. h5 Nf5 44. g6 hxg6 45. hxg6 Nd6+ 46. Kf3 Rg7 47.
Rg2 Kf5 48. Rf2 Rxg6 49. Ke3+ Ke6 0-1

[Event "Chess24 Banter Blitz Cup"]
[Site "chess24.com INT"]
[Date "2019.09.29"]
[Round "1.14"]
[White "Suarez Garcia, Carlos"]
[Black "Gustafsson, Jan"]
[Result "0-1"]
[WhiteTitle "IM"]
[BlackTitle "GM"]
[WhiteElo "2445"]
[BlackElo "2645"]
[WhiteFideId "22230858"]
[BlackFideId "4625498"]
[EventDate "2019.09.25"]
[EventType "blitz"]

1. Nf3 c5 2. b3 d6 3. c4 e5 4. d3 Nc6 5. Bb2 g6 6. g3 Bg7 7. Bg2 Nge7 8. O-O O-O
9. Nc3 h6 10. e3 Be6 11. a3 Rc8 12. Rb1 d5 13. cxd5 Nxd5 14. Nxd5 Bxd5 15. e4
Be6 16. Bc3 Qd6 17. b4 cxb4 18. axb4 b5 19. Qe2 Rfd8 20. Rfd1 Rd7 21. h3 Rcd8
22. Be1 Bf8 23. Kh2 Qb8 24. Rdc1 Nd4 25. Nxd4 Rxd4 26. Rc3 Rxb4 27. Rbc1 Rbd4
28. Rc6 b4 29. Rxe6 fxe6 30. Qg4 Kf7 31. h4 h5 32. Qf3+ Kg7 33. Bh3 Rxd3 34. Qe2
Qd6 35. Qa2 b3 36. Qxa7+ Rd7 37. Qa5 b2 38. Rb1 Qd4 39. Bxe6 Rd6 40. Bd5 Rd7 41.
Qb5 Rc7 42. Qxb2 Bc5 43. Qxd4 Bxd4 44. Ba5 Ra7 45. Bb4 Rd7 46. Rc1 Bxf2 47. Be6
Bxg3+ 48. Kg2 Rb7 49. Bc5 Bxh4 50. Rc2 Rg3+ 51. Kh2 Rb1 52. Bd5 Rd1 53. Bf2 Rg4
54. Bxh4 Rxh4+ 55. Kg3 Rg4+ 56. Kf3 Kh6 57. Rc7 Rd3+ 58. Ke2 Ra3 59. Rc2 Kg5 60.
Kd1 Rh3 61. Kc1 Rgg3 62. Kb2 Kf4 63. Be6 Rf3 64. Bxh3 Rxh3 65. Rg2 Kxe4 66. Rf2
Rg3 67. Re2+ Kf5 68. Rf2+ Ke6 69. Re2 h4 70. Rc2 h3 71. Rc6+ Kf5 72. Rc8 h2 73.
Rh8 Rg2+ 74. Kc3 g5 75. Kd3 Kg4 76. Rf8 Kg3 77. Rf7 g4 78. Rg7 h1=Q 79. Ke4 Qf1
80. Kxe5 Qf4+ 81. Ke6 Re2+ 82. Kd7 Qd2+ 83. Kc8 Re3 84. Rc7 Rc3 85. Kb8 Rxc7 86.
Kxc7 Kf4 87. Kc6 g3 88. Kc5 g2 89. Kc6 g1=Q 90. Kc7 Qgc1+ 91. Kb6 Qdb2+ 92. Ka5
Qca1# 0-1

[Event "Chess24 Banter Blitz Cup"]
[Site "chess24.com INT"]
[Date "2019.09.29"]
[Round "1.15"]
[White "Gustafsson, Jan"]
[Black "Suarez Garcia, Carlos"]
[Result "1-0"]
[WhiteTitle "GM"]
[BlackTitle "IM"]
[WhiteElo "2645"]
[BlackElo "2445"]
[WhiteFideId "4625498"]
[BlackFideId "22230858"]
[EventDate "2019.09.25"]
[EventType "blitz"]

1. d4 d6 2. Nf3 Nf6 3. c4 g6 4. Nc3 Bg7 5. e4 O-O 6. Be2 Bg4 7. Be3 Nfd7 8. Rc1
Bxf3 9. Bxf3 e5 10. d5 a5 11. h4 h6 12. h5 g5 13. Ne2 f5 14. exf5 Rxf5 15. Ng3
Rf8 16. Bg4 Na6 17. Be6+ Kh8 18. Qg4 Nac5 19. O-O Nf6 20. Qh3 Nxe6 21. Qxe6 Qd7
22. Qxd7 Nxd7 23. c5 dxc5 24. Bxc5 Rfd8 25. Be7 Re8 26. Nf5 Rac8 27. g4 Kh7 28.
Rfd1 Bf8 29. d6 cxd6 30. Rxc8 Rxc8 31. Bxd6 Nf6 32. f3 e4 33. Be5 Rc6 34. Kg2
exf3+ 35. Kxf3 Kg8 36. Rd8 Kf7 37. Rb8 Rb6 38. Bd4 Nd7 39. Rxf8+ Kxf8 40. Bxb6
Nxb6 41. Nxh6 Na4 42. b3 Nc3 43. a4 b5 44. axb5 Nxb5 45. Ke4 Kg7 46. Nf5+ Kf6
47. Kd5 Nc3+ 48. Kc4 Ne4 49. Kb5 Nd2 50. Nd4 Ne4 51. Kxa5 Nf2 52. b4 Nxg4 53. b5
Ne5 54. b6 Nc4+ 55. Kb5 Nxb6 56. Kxb6 g4 57. Ne2 Kg5 58. Ng3 Kf4 59. h6 Kxg3 60.
h7 Kf2 61. h8=Q g3 62. Qf6+ Kg1 63. Qd4+ Kh1 64. Qh4+ Kg2 65. Kc5 Kf2 66. Qf4+
Kg2 67. Kd4 Kh3 68. Qh6+ Kg2 69. Ke3 1-0

[Event "Chess24 Banter Blitz Cup"]
[Site "chess24.com INT"]
[Date "2019.09.29"]
[Round "1.16"]
[White "Suarez Garcia, Carlos"]
[Black "Gustafsson, Jan"]
[Result "0-1"]
[WhiteTitle "IM"]
[BlackTitle "GM"]
[WhiteElo "2445"]
[BlackElo "2645"]
[WhiteFideId "22230858"]
[BlackFideId "4625498"]
[EventDate "2019.09.25"]
[EventType "blitz"]

1. d4 Nf6 2. Nf3 d5 3. g3 c5 4. c3 cxd4 5. cxd4 Nc6 6. Bg2 Bf5 7. O-O e6 8. Nc3
h6 9. a3 Rc8 10. h3 Bd6 11. Bd2 O-O 12. Rc1 Na5 13. Bf4 Bxf4 14. gxf4 Nc4 15.
Qb3 Qb6 16. Qxb6 axb6 17. Nd1 Rc7 18. Ne5 Rfc8 19. Nxc4 Rxc4 20. Nc3 Rxd4 21.
Nxd5 exd5 22. Rcd1 Rxd1 23. Rxd1 Rc2 24. Bxd5 Nxd5 25. Rxd5 Bxh3 26. Rb5 Rxe2
27. Rxb6 Re7 28. Kh2 Bf5 29. Kg3 g6 30. b4 Kg7 31. a4 h5 32. a5 Bd3 33. b5 Rd7
34. Kf3 Bc4 35. f5 gxf5 36. Kf4 Rd5 37. Rxb7 Rxb5 38. a6 Ra5 39. a7 Kf6 40. Rc7
Be6 41. Kg3 Ra4 42. f4 h4+ 43. Kf3 Ra3+ 44. Kf2 h3 45. Kg1 Ra2 0-1

[Event "Chess24 Banter Blitz Cup"]
[Site "chess24.com INT"]
[Date "2019.09.29"]
[Round "1.1"]
[White "Oleksiyenko, Mykhaylo"]
[Black "Galkin, Alexander"]
[Result "1/2-1/2"]
[WhiteTitle "GM"]
[BlackTitle "GM"]
[WhiteElo "2594"]
[BlackElo "2611"]
[WhiteFideId "4152417"]
[BlackFideId "4120426"]
[EventDate "2019.09.25"]
[EventType "blitz"]

1. e4 c6 2. d3 d5 3. Nd2 e5 4. Ngf3 Bd6 5. g3 Nf6 6. Bg2 O-O 7. O-O a5 8. b3 Re8
9. a3 Na6 10. Bb2 Qc7 11. Re1 Bd7 12. exd5 cxd5 13. c4 d4 14. Ng5 Nc5 15. Nde4
Nfxe4 16. Nxe4 Nxe4 17. Bxe4 Bc6 18. Qf3 g6 19. Rac1 Bxe4 20. Qxe4 b6 21. Qd5
Qc5 22. Qf3 Ra7 23. Rb1 Rae7 24. b4 axb4 25. axb4 Qxb4 26. Qd5 Qc5 27. Bc1 Qxd5
28. cxd5 Bc5 29. Bg5 Rd7 30. f4 Rxd5 31. Bf6 e4 32. Rxe4 Rxe4 33. dxe4 d3+ 34.
Kf1 Rd7 35. Ra1 d2 36. Ke2 d1=Q+ 37. Rxd1 Rxd1 38. Kxd1 h5 39. h3 Kf8 40. g4
hxg4 41. hxg4 Ke8 42. Kc2 Kd7 43. Kd3 Kc6 44. f5 gxf5 45. exf5 Kd5 46. g5 Bf8
47. g6 fxg6 48. fxg6 Ke6 49. g7 Bxg7 50. Bxg7 b5 1/2-1/2

[Event "Chess24 Banter Blitz Cup"]
[Site "chess24.com INT"]
[Date "2019.09.29"]
[Round "1.2"]
[White "Galkin, Alexander"]
[Black "Oleksiyenko, Mykhaylo"]
[Result "1-0"]
[WhiteTitle "GM"]
[BlackTitle "GM"]
[WhiteElo "2611"]
[BlackElo "2594"]
[WhiteFideId "4120426"]
[BlackFideId "4152417"]
[EventDate "2019.09.25"]
[EventType "blitz"]

1. Nf3 Nf6 2. c4 e6 3. Nc3 d5 4. e3 b6 5. b3 Bb7 6. Bb2 a6 7. Be2 Nbd7 8. O-O
Bd6 9. Rc1 O-O 10. h3 Qe7 11. d4 Rac8 12. Qd3 Rfd8 13. Rfd1 c5 14. cxd5 exd5 15.
dxc5 bxc5 16. Qf5 Qe6 17. Qb1 h6 18. Rd2 Ne4 19. Nxe4 dxe4 20. Bc4 Qe7 21. Rcd1
exf3 22. Rxd6 Nf8 23. Qf5 Rxd6 24. Rxd6 Rc6 25. Rxc6 Bxc6 26. gxf3 Ne6 27. f4
Kh8 28. Bd5 Bxd5 29. Qxd5 f6 30. Qa8+ Kh7 31. Qxa6 Qd7 32. Qe2 Nc7 33. Qc2+ Kh8
34. Kh2 1-0

[Event "Chess24 Banter Blitz Cup"]
[Site "chess24.com INT"]
[Date "2019.09.29"]
[Round "1.3"]
[White "Oleksiyenko, Mykhaylo"]
[Black "Galkin, Alexander"]
[Result "0-1"]
[WhiteTitle "GM"]
[BlackTitle "GM"]
[WhiteElo "2594"]
[BlackElo "2611"]
[WhiteFideId "4152417"]
[BlackFideId "4120426"]
[EventDate "2019.09.25"]
[EventType "blitz"]

1. d4 d5 2. c4 e6 3. Nf3 Nf6 4. e3 c5 5. Nc3 cxd4 6. exd4 Be7 7. cxd5 Nxd5 8.
Bd3 Nc6 9. O-O O-O 10. Re1 Nf6 11. a3 b6 12. Bc2 Ba6 13. Bg5 Nd5 14. h4 h6 15.
Bc1 Bf6 16. Ne4 Rc8 17. Bb3 Bxh4 18. Nxh4 Qxh4 19. g3 Qh3 20. Be3 Rfd8 21. Qf3
Bd3 22. Nc3 Nxc3 23. bxc3 Bf5 24. Rac1 Na5 25. Ba2 Nc4 26. a4 Qg4 27. Qxg4 Bxg4
28. Bf4 Bf3 29. Rb1 Bd5 30. Rbc1 Na5 31. g4 Bxa2 0-1

[Event "Chess24 Banter Blitz Cup"]
[Site "chess24.com INT"]
[Date "2019.09.29"]
[Round "1.4"]
[White "Galkin, Alexander"]
[Black "Oleksiyenko, Mykhaylo"]
[Result "0-1"]
[WhiteTitle "GM"]
[BlackTitle "GM"]
[WhiteElo "2611"]
[BlackElo "2594"]
[WhiteFideId "4120426"]
[BlackFideId "4152417"]
[EventDate "2019.09.25"]
[EventType "blitz"]

1. Nf3 Nf6 2. c4 g6 3. d4 Bg7 4. Bf4 d6 5. e3 O-O 6. Be2 c5 7. Nc3 cxd4 8. exd4
d5 9. h3 Nc6 10. O-O b6 11. Rc1 Bb7 12. Re1 dxc4 13. Bxc4 Nb4 14. Ne5 e6 15. Bg5
h6 16. Bxf6 Bxf6 17. Qb3 Bxe5 18. dxe5 Nd3 19. Bxd3 Qxd3 20. Nb5 Qxb3 21. axb3
a6 22. Nd6 Bd5 23. b4 Ra7 24. f3 a5 25. Ra1 Rfa8 26. bxa5 Rxa5 27. Rxa5 Rxa5 28.
Re2 Kf8 29. Kf2 Rc5 30. Ne4 Rc1 31. Nc3 Bc6 32. Rd2 Ke7 33. Ne2 Rc5 34. Nc3 Rxe5
35. Rd4 Rc5 36. Rb4 b5 37. Rd4 g5 38. g4 f5 39. Rd2 fxg4 40. hxg4 e5 41. Re2 Ke6
42. Kg3 Rc4 43. Rd2 Rf4 44. Rd3 b4 45. Ne2 e4 46. Re3 Rxf3+ 47. Rxf3 exf3 48.
Nd4+ Kd5 49. Nxc6 Kxc6 50. Kxf3 Kd5 51. Ke3 Kc4 52. Kd2 Kd4 53. Kc2 Ke4 54. Kb3
Kf4 55. Kxb4 Kxg4 56. Kc3 h5 57. b4 h4 58. b5 h3 59. b6 h2 60. b7 h1=Q 61. b8=Q
Qc1+ 62. Kd3 Qd1+ 63. Ke3 Qf3+ 64. Kd2 Qf4+ 65. Qxf4+ Kxf4 66. Ke2 Kg3 67. Kf1
Kh2 0-1

[Event "Chess24 Banter Blitz Cup"]
[Site "chess24.com INT"]
[Date "2019.09.29"]
[Round "1.5"]
[White "Oleksiyenko, Mykhaylo"]
[Black "Galkin, Alexander"]
[Result "1-0"]
[WhiteTitle "GM"]
[BlackTitle "GM"]
[WhiteElo "2594"]
[BlackElo "2611"]
[WhiteFideId "4152417"]
[BlackFideId "4120426"]
[EventDate "2019.09.25"]
[EventType "blitz"]

1. e4 c6 2. Nc3 d5 3. Nf3 Bg4 4. h3 Bxf3 5. Qxf3 Nf6 6. d3 e6 7. a3 Qb6 8. Qg3
Nbd7 9. Be2 g6 10. O-O Bg7 11. Bd2 Qxb2 12. Rfb1 Qxc2 13. Ra2 1-0

[Event "Chess24 Banter Blitz Cup"]
[Site "chess24.com INT"]
[Date "2019.09.29"]
[Round "1.6"]
[White "Galkin, Alexander"]
[Black "Oleksiyenko, Mykhaylo"]
[Result "0-1"]
[WhiteTitle "GM"]
[BlackTitle "GM"]
[WhiteElo "2611"]
[BlackElo "2594"]
[WhiteFideId "4120426"]
[BlackFideId "4152417"]
[EventDate "2019.09.25"]
[EventType "blitz"]

1. Nf3 Nf6 2. c4 g6 3. b4 Bg7 4. Bb2 O-O 5. e3 d6 6. Nc3 c6 7. Be2 e5 8. d3 Re8
9. Qc2 Nbd7 10. O-O b6 11. a4 a5 12. b5 c5 13. e4 Nh5 14. Nd5 Ndf6 15. Nd2 Nxd5
16. cxd5 Nf4 17. Nc4 Bh3 18. g3 Nxe2+ 19. Qxe2 Bxf1 20. Rxf1 Ra7 21. f4 exf4 22.
Bxg7 Kxg7 23. Rxf4 f5 24. Qb2+ Qf6 25. Qxf6+ Kxf6 26. Nxd6 Rd8 27. Nc4 Rb7 28.
e5+ Ke7 29. d6+ Ke6 30. h4 Kd5 31. Kf2 Re8 32. d4 Kxc4 0-1

[Event "Chess24 Banter Blitz Cup"]
[Site "chess24.com INT"]
[Date "2019.09.29"]
[Round "1.7"]
[White "Oleksiyenko, Mykhaylo"]
[Black "Galkin, Alexander"]
[Result "1-0"]
[WhiteTitle "GM"]
[BlackTitle "GM"]
[WhiteElo "2594"]
[BlackElo "2611"]
[WhiteFideId "4152417"]
[BlackFideId "4120426"]
[EventDate "2019.09.25"]
[EventType "blitz"]

1. e4 c5 2. Nf3 Nc6 3. d4 cxd4 4. Nxd4 g6 5. c4 Nf6 6. Nc3 d6 7. Nc2 Bg7 8. Be2
O-O 9. O-O Be6 10. f3 Qa5 11. Ne3 Rfc8 12. Kh1 a6 13. Bd2 Qd8 14. Rc1 Nd4 15. b3
b5 16. Bd3 bxc4 17. Bxc4 Bxc4 18. Nxc4 Ne6 19. Be3 Rab8 20. Qd2 Nd7 21. Nd5 Ne5
22. Nxe5 Bxe5 23. f4 Bg7 24. f5 Nc5 25. Bxc5 dxc5 26. Qf2 Bd4 27. Qf3 Qf8 28. h3
Be5 29. Qe3 Bd4 30. Qf4 f6 31. Qg4 g5 32. Nf4 Qf7 33. Ne6 h6 34. Rfd1 h5 35. Qe2
a5 36. Rc4 h4 37. Qg4 Kh7 38. Rdc1 Re8 39. Nxc5 Bxc5 40. Rxc5 Ra8 41. Rc7 Kh6
42. R1c6 a4 43. e5 axb3 44. axb3 Ra1+ 45. Kh2 Qd5 46. Rxf6+ exf6 47. Qh5+ Kxh5
48. Rh7# 1-0

[Event "Chess24 Banter Blitz Cup"]
[Site "chess24.com INT"]
[Date "2019.09.29"]
[Round "1.8"]
[White "Galkin, Alexander"]
[Black "Oleksiyenko, Mykhaylo"]
[Result "1-0"]
[WhiteTitle "GM"]
[BlackTitle "GM"]
[WhiteElo "2611"]
[BlackElo "2594"]
[WhiteFideId "4120426"]
[BlackFideId "4152417"]
[EventDate "2019.09.25"]
[EventType "blitz"]

1. Nf3 Nf6 2. d4 g6 3. Bf4 Bg7 4. e3 d6 5. Be2 O-O 6. O-O c5 7. c3 b6 8. h3 Bb7
9. a4 a6 10. Na3 Nbd7 11. Qb3 Qc7 12. Rfd1 Nd5 13. Bh2 N7f6 14. Bc4 cxd4 15.
cxd4 Rfb8 16. e4 b5 17. Bxd5 Nxd5 18. exd5 bxa4 19. Qa2 Qa5 20. Nc4 Qb5 21. Ne3
Bh6 22. Rd2 Bxe3 23. fxe3 Bxd5 24. Qxa4 Qb7 25. Qd1 Qd7 26. Qe1 f5 27. Bf4 Rb3
28. Qe2 a5 29. Rc1 Rab8 30. Rdc2 Qe6 31. Nd2 Rxb2 32. Rxb2 Rxb2 33. Qd3 Kg7 34.
Qc3 Rb7 35. Qxa5 h6 36. Qc3 g5 37. Bg3 Rb6 38. Qd3 Kg6 39. Rf1 Rb2 40. Be1 1-0

[Event "Chess24 Banter Blitz Cup"]
[Site "chess24.com INT"]
[Date "2019.09.29"]
[Round "1.9"]
[White "Oleksiyenko, Mykhaylo"]
[Black "Galkin, Alexander"]
[Result "1/2-1/2"]
[WhiteTitle "GM"]
[BlackTitle "GM"]
[WhiteElo "2594"]
[BlackElo "2611"]
[WhiteFideId "4152417"]
[BlackFideId "4120426"]
[EventDate "2019.09.25"]
[EventType "blitz"]

1. e4 c6 2. Nc3 d5 3. Nf3 Bg4 4. h3 Bxf3 5. Qxf3 e6 6. d3 Nd7 7. a3 g6 8. g3 Bg7
9. Bg2 Ne7 10. O-O O-O 11. Qe2 Qb6 12. Bd2 Rae8 13. Rab1 f5 14. exd5 Nxd5 15.
Rfe1 Nxc3 16. bxc3 Qc7 17. Bf4 e5 18. Bd2 h6 19. c4 Kh7 20. Bb4 Rg8 21. a4 Nf8
22. Bc3 Nd7 23. a5 Nc5 24. Qe3 b6 25. axb6 axb6 26. Bb4 Ne6 27. Bc3 Nc5 28. Bb4
Ne6 29. Bc3 Nc5 1/2-1/2

[Event "Chess24 Banter Blitz Cup"]
[Site "chess24.com INT"]
[Date "2019.09.29"]
[Round "1.10"]
[White "Galkin, Alexander"]
[Black "Oleksiyenko, Mykhaylo"]
[Result "1/2-1/2"]
[WhiteTitle "GM"]
[BlackTitle "GM"]
[WhiteElo "2611"]
[BlackElo "2594"]
[WhiteFideId "4120426"]
[BlackFideId "4152417"]
[EventDate "2019.09.25"]
[EventType "blitz"]

1. Nf3 d5 2. e3 g6 3. c4 c6 4. Nc3 Bg7 5. d4 Bg4 6. h3 Bxf3 7. Qxf3 e6 8. Bd3
Ne7 9. O-O O-O 10. Rd1 Nd7 11. Bd2 a6 12. Be1 b5 13. cxd5 cxd5 14. Rac1 Qb6 15.
Qe2 Rfc8 16. a3 Qb7 17. Na2 Nb6 18. b3 Rxc1 19. Rxc1 Rc8 20. Rxc8+ Qxc8 21. Qc2
Qxc2 22. Bxc2 Nc6 23. Nb4 Nxb4 24. Bxb4 Bf8 25. Bc5 Nd7 26. b4 Nxc5 27. bxc5 Be7
28. Kf1 Kf8 29. a4 bxa4 30. Bxa4 Bd8 31. Ke2 Ke7 32. Kd3 Bc7 33. Bc6 a5 34. f3
g5 35. e4 dxe4+ 36. fxe4 f5 37. exf5 exf5 38. d5 Be5 39. Kc4 h5 40. Bb7 g4 41.
hxg4 fxg4 42. Bc8 a4 43. Kb4 Bd4 44. d6+ Kd8 45. Be6 a3 46. c6 Bb6 47. Kxa3 Bc5+
48. Ka4 Bxd6 49. Kb5 Kc7 50. Bd7 Be5 51. Kc4 Bd6 52. Kd5 h4 53. Bxg4 Bg3 1/2-1/2

[Event "Chess24 Banter Blitz Cup"]
[Site "chess24.com INT"]
[Date "2019.09.29"]
[Round "1.11"]
[White "Oleksiyenko, Mykhaylo"]
[Black "Galkin, Alexander"]
[Result "1-0"]
[WhiteTitle "GM"]
[BlackTitle "GM"]
[WhiteElo "2594"]
[BlackElo "2611"]
[WhiteFideId "4152417"]
[BlackFideId "4120426"]
[EventDate "2019.09.25"]
[EventType "blitz"]

1. Nf3 d5 2. g3 Nf6 3. Bg2 e6 4. O-O c5 5. d3 Nc6 6. Nbd2 Be7 7. e4 Qc7 8. Re1
b6 9. Qe2 Bb7 10. c3 Rd8 11. a3 Ba6 12. e5 Nd7 13. c4 Nf8 14. h4 h5 15. b4 dxc4
16. dxc4 cxb4 17. axb4 Nxb4 18. Ba3 Bb7 19. Ne4 Ng6 20. Nd6+ Bxd6 21. exd6 Qxd6
22. Red1 Bxf3 23. Bxf3 Qe5 24. Bxb4 f6 25. Rxd8+ Kxd8 26. Qd1+ Ke8 27. Rxa7 1-0

[Event "Chess24 Banter Blitz Cup"]
[Site "chess24.com INT"]
[Date "2019.09.29"]
[Round "1.12"]
[White "Galkin, Alexander"]
[Black "Oleksiyenko, Mykhaylo"]
[Result "1-0"]
[WhiteTitle "GM"]
[BlackTitle "GM"]
[WhiteElo "2611"]
[BlackElo "2594"]
[WhiteFideId "4120426"]
[BlackFideId "4152417"]
[EventDate "2019.09.25"]
[EventType "blitz"]

1. Nf3 d5 2. e3 c5 3. d4 cxd4 4. exd4 Nc6 5. Ne5 Nxe5 6. dxe5 e6 7. Bd3 Ne7 8.
O-O Nc6 9. Re1 Qc7 10. Bf4 Be7 11. Qg4 g5 12. Bd2 h5 13. Qe2 Bd7 14. c3 g4 15.
a4 a6 16. Na3 Bf8 17. Nc2 Bg7 18. Bf4 O-O-O 19. b4 Ne7 20. Nd4 Ng6 21. Bxg6 fxg6
22. a5 Kb8 23. b5 Rhf8 24. Bg5 Rc8 25. bxa6 Qxc3 26. Nb5 Qc4 27. axb7 Kxb7 28.
Nd6+ 1-0

[Event "Chess24 Banter Blitz Cup"]
[Site "chess24.com INT"]
[Date "2019.09.29"]
[Round "1.13"]
[White "Oleksiyenko, Mykhaylo"]
[Black "Galkin, Alexander"]
[Result "1-0"]
[WhiteTitle "GM"]
[BlackTitle "GM"]
[WhiteElo "2594"]
[BlackElo "2611"]
[WhiteFideId "4152417"]
[BlackFideId "4120426"]
[EventDate "2019.09.25"]
[EventType "blitz"]

1. Nf3 d5 2. g3 e6 3. Bg2 g6 4. O-O Bg7 5. d4 Ne7 6. c4 Nbc6 7. cxd5 exd5 8. e3
Be6 9. Qb3 Rb8 10. Nc3 h6 11. Bd2 O-O 12. Rac1 Qd7 13. Na4 Bh3 14. Nc5 Qc8 15.
Qc2 Bxg2 16. Kxg2 Nf5 17. b4 Nce7 18. b5 Nd6 19. Ne5 Rd8 20. a4 Nef5 21. Qa2
Bxe5 22. dxe5 Nc4 23. Bc3 Re8 24. Rfe1 c6 25. Nd3 Qe6 26. Nc5 Qe7 27. Nd3 Qg5
28. Qe2 Nh4+ 29. Kh1 Nf5 30. e4 dxe4 31. Qxe4 cxb5 32. axb5 Rbc8 33. Bb4 b6 34.
Rxc4 Rxc4 35. Qxc4 Qd8 36. e6 Kg7 37. Nf4 Nd4 38. Bc3 1-0

[Event "Chess24 Banter Blitz Cup"]
[Site "chess24.com INT"]
[Date "2019.09.29"]
[Round "1.14"]
[White "Galkin, Alexander"]
[Black "Oleksiyenko, Mykhaylo"]
[Result "1-0"]
[WhiteTitle "GM"]
[BlackTitle "GM"]
[WhiteElo "2611"]
[BlackElo "2594"]
[WhiteFideId "4120426"]
[BlackFideId "4152417"]
[EventDate "2019.09.25"]
[EventType "blitz"]

1. Nf3 Nf6 2. c4 c6 3. Nc3 d5 4. e3 g6 5. d4 Bg7 6. Bd3 O-O 7. O-O Bg4 8. h3
Bxf3 9. Qxf3 dxc4 10. Bxc4 Nbd7 11. Rd1 Nb6 12. Bb3 Nfd5 13. Bd2 Nxc3 14. bxc3
e6 15. c4 Rb8 16. Rab1 Nd7 17. Bb4 Re8 18. Bd6 Rc8 19. Ba4 Nb6 20. c5 Nxa4 21.
Rxb7 Qf6 22. Rd3 Qxf3 23. gxf3 e5 24. Ra3 exd4 25. exd4 Nb6 26. cxb6 axb6 27.
Raa7 Bxd4 28. Rxf7 Re2 29. Bg3 c5 30. Rfd7 Rce8 31. a4 Bf6 32. Rab7 c4 33. Rxb6
Bh8 34. Rc6 c3 35. Rcc7 Bf6 36. Bf4 R2e7 37. Rxe7 Rxe7 38. Rxe7 Bxe7 39. Kf1 c2
40. Bc1 Kf7 41. Ke2 Ke6 42. Kd3 Kd5 43. a5 Bc5 44. Kxc2 Bxf2 45. Kd3 Kc6 46. Be3
Bg3 47. a6 Kc7 48. Ke4 1-0

[Event "Chess24 Banter Blitz Cup"]
[Site "chess24.com INT"]
[Date "2019.09.29"]
[Round "1.15"]
[White "Oleksiyenko, Mykhaylo"]
[Black "Galkin, Alexander"]
[Result "1-0"]
[WhiteTitle "GM"]
[BlackTitle "GM"]
[WhiteElo "2594"]
[BlackElo "2611"]
[WhiteFideId "4152417"]
[BlackFideId "4120426"]
[EventDate "2019.09.25"]
[EventType "blitz"]

1. Nf3 d5 2. g3 c6 3. Bg2 Bf5 4. O-O e6 5. c4 Nd7 6. cxd5 cxd5 7. d3 Ngf6 8. Nc3
h6 9. Qb3 Qb6 10. Be3 Bc5 11. Qxb6 axb6 12. Bd2 Ke7 13. a3 Rhc8 14. Rfc1 Rc6 15.
b4 Bd6 16. Nd4 Bg4 17. Nxc6+ bxc6 18. h3 Bh5 19. g4 Bg6 20. f4 Ne8 21. e4 Nc7
22. f5 Bh7 23. b5 d4 24. bxc6 dxc3 25. Bxc3 Nc5 26. d4 Nb3 27. e5 Bxa3 28. Rxa3
Rxa3 29. Bb4+ Ke8 30. Bxa3 Nxc1 31. Bxc1 Nd5 32. Kf2 g6 33. fxe6 fxe6 34. Bxd5
exd5 35. Bxh6 Bg8 36. Bg5 Be6 37. Ke3 b5 38. Kd2 Bc8 39. Kc3 b4+ 40. Kxb4 Ba6
41. Kc5 1-0

[Event "Chess24 Banter Blitz Cup"]
[Site "chess24.com INT"]
[Date "2019.09.30"]
[Round "1.1"]
[White "Gozzoli, Yannick"]
[Black "Gupta, Abhijeet"]
[Result "1-0"]
[WhiteTitle "GM"]
[BlackTitle "GM"]
[WhiteElo "2604"]
[BlackElo "2609"]
[WhiteFideId "616915"]
[BlackFideId "5010608"]
[EventDate "2019.09.25"]
[EventType "blitz"]

1. d4 d5 2. c4 c6 3. Nf3 Nf6 4. Nc3 dxc4 5. a4 Bg4 6. Ne5 Bh5 7. h3 e6 8. g4 Bg6
9. h4 c5 10. h5 Be4 11. Nxe4 Nxe4 12. Bg2 Qa5+ 13. Kf1 Nd6 14. Nxc4 Nxc4 15.
Bxb7 Be7 16. Bxa8 O-O 17. Qc2 Nb6 18. Be4 h6 19. dxc5 Bxc5 20. Bd2 Bb4 21. Bxb4
Qxb4 22. Kg2 N8d7 23. Bf3 Ne5 24. Rhd1 Nxg4 25. Qe4 Qxe4 26. Bxe4 Nf6 27. Bf3
Rb8 28. b4 Nbd5 29. b5 Kf8 30. e3 Ke7 31. Rac1 Rb7 32. Rc6 Rd7 33. Kg3 g5 34.
hxg6 fxg6 35. Ra6 g5 36. e4 g4 37. exd5 gxf3 38. Rxe6+ Kf7 39. Kxf3 Nxd5 40. Re5 1-0